<?xml version='1.0' encoding='UTF-8'?><?xml-stylesheet href='static/style.xsl' type='text/xsl'?><OAI-PMH xmlns="http://www.openarchives.org/OAI/2.0/" xmlns:xsi="http://www.w3.org/2001/XMLSchema-instance" xsi:schemaLocation="http://www.openarchives.org/OAI/2.0/ http://www.openarchives.org/OAI/2.0/OAI-PMH.xsd"><responseDate>2026-04-30T15:02:10Z</responseDate><request verb="GetRecord" identifier="oai:ebiltegia.mondragon.edu:20.500.11984/6258" metadataPrefix="marc">https://ebiltegia.mondragon.edu/oai/request</request><GetRecord><record><header><identifier>oai:ebiltegia.mondragon.edu:20.500.11984/6258</identifier><datestamp>2024-06-11T09:52:45Z</datestamp><setSpec>com_20.500.11984_473</setSpec><setSpec>col_20.500.11984_476</setSpec></header><metadata><record xmlns="http://www.loc.gov/MARC21/slim" xmlns:dcterms="http://purl.org/dc/terms/" xmlns:xsi="http://www.w3.org/2001/XMLSchema-instance" xmlns:doc="http://www.lyncode.com/xoai" xsi:schemaLocation="http://www.loc.gov/MARC21/slim http://www.loc.gov/standards/marcxml/schema/MARC21slim.xsd">
   <leader>00925njm 22002777a 4500</leader>
   <datafield ind2=" " ind1=" " tag="042">
      <subfield code="a">dc</subfield>
   </datafield>
   <datafield ind2=" " ind1=" " tag="720">
      <subfield code="a">Sarobe, Aitziber</subfield>
      <subfield code="e">author</subfield>
   </datafield>
   <datafield ind2=" " ind1=" " tag="720">
      <subfield code="a">Mentxakatorre Odriozola, Jon</subfield>
      <subfield code="e">author</subfield>
   </datafield>
   <datafield ind2=" " ind1=" " tag="720">
      <subfield code="a">Apraiz, Itxaso</subfield>
      <subfield code="e">author</subfield>
   </datafield>
   <datafield ind2=" " ind1=" " tag="260">
      <subfield code="c">2023</subfield>
   </datafield>
   <datafield ind2=" " ind1=" " tag="520">
      <subfield code="a">Egun  bizi  dugun  krisi  ekologiko  globalaren  garaian,  berebiziko  garrantzia  dute  biodiber-tsitatearen eta gure ingurune naturalaren zaintzak. Izan ere, orain gutxi izandako pandemiak inoiz baino ar-giago  erakutsi  digu,  bizitzaren  amaraunean,  gainerako  bizidunekiko  dugun  menpekotasuna.  Azken  horrek, gainera, sozioekonomiaren eremuan eta, beraz, diziplinartekotasunean kokatzen gaitu. Hori dela eta, artikulu honetan,  gaurgeroko  egunetarako  Giza  eta  Ingurumen  Hezkuntzaren  nondik  norakoak  aurkeztuko  ditugu, eta  osasun  edo  orekarako  hezkuntzak  mundu  mailako  markoan  duen  tokia.  Horretarako,  lehenik  eta  behin, azalpenak emango dira osasunaren esanahi holistikoaz, komunitatearen adiera zabalaz eta gizakiaren antro-pologia filosofikoaz. Bigarrenez, Euskal Herriaren izaera natural eta kulturalari erreparatuko diogu, aurretik egindako  formulazioa  bertan  kokatu  eta  bideak  irekitzeko.  Ondoren,  Modernitatearen  krisiaren  ezaugarriak aztertuko dira, horren aurrean bizitza osorako konpetentzietan oinarritutako eta Garapen Jasangarrirako Hel-buruen  arabera  eratutako  mundu  mailako  hezkuntzak  daukan  egitekoa  azaltzeko.  Azkenik,  Euskal  Autono-mia Erkidego eta Nafarroako Foru Erkidegoetako hezkuntza curriculumek tokiko begiradari irekitako bideak aurretik esandakoari zer aukera ematen dioten azalduko dugu. Horrekin guztiarekin, gaurgero osasuntsurako hezkuntzaren oinarria jarriko da, euskal begiradaz.</subfield>
   </datafield>
   <datafield ind2=" " ind1=" " tag="520">
      <subfield code="a">In  the  present  times  of  global  ecological  crisis,  care  about  biodiversity  and  our  natural  en-vironment  takes  an  utmost  importance.  In  fact,  the  recent  pandemic  has  clearly  shown  us,  more  than  ever before, our dependence upon other living organisms. Moreover, this last one places us in the field of socio-economics, and thus, in interdisciplinarity. Therefore, the whereabouts of a Human and Environmental Ed-ucation for a healthy present and future will be presented in the current article, as well as the place that a healthy and balanced education takes in the global framework. For that purpose, in the first place, the mean-ing of holistic health, the ample meaning of community, as well as human philosophical anthropology will be explained. Secondly, focus will be placed on the natural and cultural character of the Euskal Herria, and the previous formulation will be placed in that context. Thirdly, the characteristics of Modernity ́s crisis will be  studied  in  order  to  explain  the  task  that  a  global  competency-based  education  for  lifelong  learning  and the Sustainable Development Goals have in that context. Last, the possibilities that curricula of the Basque Autonomous Community and the Chartered Community of Navarre offer to the local gaze will be presented. With all this, the basis for a present and future healthy education with a basque outlook will be set.</subfield>
   </datafield>
   <datafield ind1="8" ind2=" " tag="024">
      <subfield code="a">0214-9753</subfield>
   </datafield>
   <datafield ind1="8" ind2=" " tag="024">
      <subfield code="a">2444-3581</subfield>
   </datafield>
   <datafield ind1="8" ind2=" " tag="024">
      <subfield code="a">https://katalogoa.mondragon.edu/janium-bin/janium_login_opac.pl?find&amp;ficha_no=174496</subfield>
   </datafield>
   <datafield ind1="8" ind2=" " tag="024">
      <subfield code="a">https://hdl.handle.net/20.500.11984/6258</subfield>
   </datafield>
   <datafield tag="653" ind2=" " ind1=" ">
      <subfield code="a">Gizabidea</subfield>
   </datafield>
   <datafield tag="653" ind2=" " ind1=" ">
      <subfield code="a">Garapen Jasangarrirako Helburuak (GJH)</subfield>
   </datafield>
   <datafield tag="653" ind2=" " ind1=" ">
      <subfield code="a">Oinarrizko Hezkuntza</subfield>
   </datafield>
   <datafield tag="653" ind2=" " ind1=" ">
      <subfield code="a">Osasuna</subfield>
   </datafield>
   <datafield tag="653" ind2=" " ind1=" ">
      <subfield code="a">Tokiko curriculuma</subfield>
   </datafield>
   <datafield tag="653" ind2=" " ind1=" ">
      <subfield code="a">Basic Education</subfield>
   </datafield>
   <datafield tag="653" ind2=" " ind1=" ">
      <subfield code="a">Sustainable Development Goals (SDG)</subfield>
   </datafield>
   <datafield tag="653" ind2=" " ind1=" ">
      <subfield code="a">Health</subfield>
   </datafield>
   <datafield tag="653" ind2=" " ind1=" ">
      <subfield code="a">Local curriculum</subfield>
   </datafield>
   <datafield ind2="0" ind1="0" tag="245">
      <subfield code="a">Zientziak bizidunontzat: Tokiko curriculumak Euskal Herri osasuntsurako hezkuntzan</subfield>
   </datafield>
</record></metadata></record></GetRecord></OAI-PMH>